[Event "Wch Seniors 65 29th"]
[Site "Bucharest"]
[Date "2019.11.20"]
[Round "8"]
[White "Schulz, Michael"]
[Black "Goldsmith, Alan"]
[Result "1/2-1/2"]
[WhiteElo "2138"]
[BlackElo "2036"]
[PlyCount "58"]
[EventDate "2019.11.12"]
[EventType "swiss"]
[EventRounds "11"]
[EventCountry "ROU"]
[SourceTitle "CBM 193 Extra"]
[Source "ChessBase"]
[SourceDate "2020.01.31"]
[SourceVersion "1"]
[SourceVersionDate "2020.01.31"]
[SourceQuality "1"]

1. d4 f5 2. g4 fxg4 3. Qd3 Nf6 4. h3 g3 5. fxg3 d5 6. Nc3 g6 7. g4 Nc6 8. Bf4 Bg7 9. Nb5 e5 10. dxe5 Ne4 11. Qxd5 Qh4+ 12. Kd1 Bf5 13. Nxc7+ Ke7 14. Nf3 Qf2 15. gxf5 Rhd8 16. f6+ Nxf6 17. exf6+ Bxf6 18. Kc1 Rxd5 19. Nxd5+ Kf7 20. Nxf6 Kxf6 21. c3 Rc8 22. Kc2 Nb4+ 23. Kb1 Nd5 24. Be5+ Ke7 25. Bd4 Qg3 26. h4 Qf4 27. h5 Qe4+ 28. Kc1 Nb4 29. Kd1 Rd8 1/2-1/2

[Event "Doeberl Cup 56th"]
[Site "Canberra"]
[Date "2018.04.01"]
[Round "8"]
[White "Goldsmith, Alan"]
[Black "Bhat, Vishal"]
[Result "0-1"]
[WhiteElo "2179"]
[BlackElo "2028"]
[PlyCount "72"]
[EventDate "2018.03.29"]
[EventType "swiss"]
[EventRounds "9"]
[EventCountry "AUS"]
[SourceTitle "CBM 187 Extra"]
[Source "ChessBase"]
[SourceDate "2018.11.04"]
[SourceVersion "1"]
[SourceVersionDate "2018.11.04"]
[SourceQuality "1"]

1. e4 e5 2. Nf3 Nc6 3. Bc4 Bc5 4. b4 Bxb4 5. c3 Ba5 6. d4 b5 7. Bd5 exd4 8. 0-0 Nge7 9. Ng5 Nxd5 10. exd5 Ne7 11. Qh5 Ng6 12. Nxh7 Rxh7 13. Qxh7 Kf8 14. g3 Qf6 15. Qh5 dxc3 16. Na3 Ba6 17. Nc2 Re8 18. Bg5 Re5 19. h4 Qf5 20. Ne3 Qh3 21. Qf3 Bb7 22. Rad1 Bb6 23. Rfe1 Kg8 24. Ng2 b4 25. Nf4 Nxf4 26. Bxf4 Bxd5 27. Qxd5 Rxd5 28. Rxd5 f6 29. Rb5 a5 30. a3 bxa3 31. Ra1 c2 32. Rxa3 Bxf2+ 33. Kxf2 Qh2+ 34. Kf3 Qh1+ 35. Kg4 Qd1+ 36. Kh3 Qf1+ 0-1

[Event "Doeberl Cup 56th"]
[Site "Canberra"]
[Date "2018.03.31"]
[Round "5"]
[White "Winkelman, Albert"]
[Black "Goldsmith, Alan"]
[Result "1-0"]
[WhiteElo "2010"]
[BlackElo "2179"]
[PlyCount "81"]
[EventDate "2018.03.29"]
[EventType "swiss"]
[EventRounds "9"]
[EventCountry "AUS"]
[SourceTitle "CBM 187 Extra"]
[Source "ChessBase"]
[SourceDate "2018.11.04"]
[SourceVersion "1"]
[SourceVersionDate "2018.11.04"]
[SourceQuality "1"]

1. e4 c5 2. Nf3 d6 3. d4 cxd4 4. Nxd4 Nf6 5. Nc3 e5 6. Ndb5 a6 7. Na3 b5 8. Nd5 Be6 9. Bg5 Bxd5 10. Bxf6 Qa5+ 11. c3 Bxe4 12. Qg4 Bb7 13. Bh4 Nc6 14. Rd1 h6 15. Bd3 Qc7 16. f3 Be7 17. Bxe7 Qxe7 18. Qxg7 0-0-0 19. Qg3 d5 20. 0-0 Rhg8 21. Qf2 Rg5 22. f4 exf4 23. Qxf4 Ne5 24. Bf5+ Kb8 25. Rd4 Ka8 26. Bh3 Nc6 27. Rd2 Ne5 28. Qf6 Qc5+ 29. Qf2 d4 30. cxd4 Qd5 31. Kh1 Ng4 32. Qxf7 Ne3 33. Qxd5 Bxd5 34. Re1 Rf8 35. Kg1 Rf3 36. g3 Rh5 37. Rde2 Nf5 38. Bg2 Nxd4 39. Rd2 Rxg3 40. hxg3 Nf3+ 41. Bxf3 1-0

[Event "Wch Seniors 65 27th"]
[Site "Acqui Terme"]
[Date "2017.11.09"]
[Round "3"]
[White "Goldsmith, Alan"]
[Black "Sveshnikov, Evgeny"]
[Result "0-1"]
[WhiteElo "2227"]
[BlackElo "2480"]
[PlyCount "58"]
[EventDate "2017.11.07"]
[EventType "swiss"]
[EventRounds "11"]
[EventCountry "ITA"]
[SourceTitle "CBM 181 Extra"]
[Source "ChessBase"]
[SourceDate "2017.12.12"]
[SourceVersion "1"]
[SourceVersionDate "2017.12.12"]
[SourceQuality "1"]

1. e4 c5 2. b4 cxb4 3. a3 bxa3 4. Bxa3 d6 5. f4 Nf6 6. Nc3 e6 7. Nf3 Be7 8. e5 dxe5 9. fxe5 Nd5 10. Ne4 0-0 11. Bc4 Nc6 12. 0-0 b5 13. Bxe7 Ndxe7 14. Bd3 Nxe5 15. Nxe5 Qd4+ 16. Kh1 Qxe5 17. Qf3 Bd7 18. Qh3 f5 19. Ng5 h6 20. Rae1 Qd6 21. Nf3 Ng6 22. g4 Nf4 23. Qg3 fxg4 24. Ng1 e5 25. Be4 Rac8 26. h3 Qxd2 27. Rd1 Qb4 28. c4 Qxc4 29. Rxf4 exf4 0-1

[Event "Pennant-chT"]
[Site "Adelaide"]
[Date "2016.11.01"]
[Round "6"]
[White "Goldsmith, Alan"]
[Black "Tao, Trevor"]
[Result "0-1"]
[WhiteElo "2218"]
[BlackElo "2381"]
[PlyCount "58"]
[EventDate "2016.09.27"]
[EventType "team-tourn"]
[EventRounds "9"]
[EventCountry "AUS"]
[SourceTitle "EXT 2023"]
[Source "ChessBase"]
[SourceDate "2022.10.05"]
[SourceVersion "1"]
[SourceVersionDate "2022.10.05"]
[SourceQuality "1"]

1. d4 d5 2. c4 dxc4 3. e4 e5 4. Nf3 Bb4+ 5. Bd2 Bxd2+ 6. Nbxd2 exd4 7. Bxc4 Nh6 8. h3 Nc6 9. g4 Qe7 10. Rc1 0-0 11. Kf1 Kh8 12. g5 Ng8 13. Bd5 Nb4 14. h4 Nd3 15. Nxd4 Nxc1 16. Qxc1 c6 17. Bb3 Be6 18. Nf5 Bxf5 19. exf5 Rae8 20. Bd1 Qe5 21. Qc2 Ne7 22. f6 gxf6 23. Nf3 Qf5 24. Qc3 Nd5 25. Qa3 Nf4 26. gxf6 Qb5+ 27. Kg1 Rg8+ 28. Ng5 Rxg5+ 29. hxg5 Qxg5+ 0-1

[Event "Pennant-chT"]
[Site "Adelaide"]
[Date "2016.10.11"]
[Round "3"]
[White "Goldsmith, Alan"]
[Black "Leaver, Kyle"]
[Result "1-0"]
[WhiteElo "2218"]
[BlackElo "1863"]
[PlyCount "117"]
[EventDate "2016.09.27"]
[EventType "team-tourn"]
[EventRounds "9"]
[EventCountry "AUS"]
[SourceTitle "EXT 2023"]
[Source "ChessBase"]
[SourceDate "2022.10.05"]
[SourceVersion "1"]
[SourceVersionDate "2022.10.05"]
[SourceQuality "1"]

1. d4 Nf6 2. c4 g6 3. Nc3 d5 4. Bg5 Ne4 5. cxd5 Nxg5 6. h4 Ne4 7. Nxe4 Qxd5 8. f3 Bh6 9. Qd3 Nc6 10. e3 Bf5 11. a3 0-0-0 12. Ne2 Ne5 13. Qc3 Ng4 14. Rc1 c6 15. fxg4 Bxe4 16. g5 Bg7 17. Nf4 Qd6 18. Qc5 Qxc5 19. Rxc5 h6 20. gxh6 Rxh6 21. Bd3 Bxd3 22. Nxd3 Rd5 23. 0-0 Rxc5 24. Nxc5 Rxh4 25. Rxf7 Bf6 26. Kf2 b6 27. Rf8+ Kc7 28. Nd3 Rh8 29. Rxh8 Bxh8 30. Nf4 c5 31. Nxg6 Bf6 32. Nf4 Kd6 33. dxc5+ bxc5 34. b3 Bc3 35. Kf3 e5 36. Ne2 Bd2 37. Ke4 Ke6 38. Kd3 Be1 39. Nc3 Bh4 40. Ke4 a5 41. a4 Be1 42. Nd5 Bg3 43. Nb6 Be1 44. Nc4 Bc3 45. g4 Kf6 46. Nd6 Kg5 47. Kf3 Bb4 48. Nf7+ Kf6 49. Nd8 Bc3 50. Nb7 Bb4 51. Nd6 Ke6 52. Ne4 Kd5 53. g5 c4 54. Nf6+ Kc5 55. bxc4 Kxc4 56. Nd7 e4+ 57. Kxe4 Kb3 58. g6 Bc3 59. Ne5 1-0

[Event "Pennant-chT"]
[Site "Adelaide"]
[Date "2016.10.04"]
[Round "2"]
[White "Cloudsdale, Colin"]
[Black "Goldsmith, Alan"]
[Result "0-1"]
[WhiteElo "1940"]
[BlackElo "2218"]
[PlyCount "24"]
[EventDate "2016.09.27"]
[EventType "team-tourn"]
[EventRounds "9"]
[EventCountry "AUS"]
[SourceTitle "EXT 2023"]
[Source "ChessBase"]
[SourceDate "2022.10.05"]
[SourceVersion "1"]
[SourceVersionDate "2022.10.05"]
[SourceQuality "1"]

1. e4 d5 2. exd5 Nf6 3. d4 Bg4 4. Be2 Bxe2 5. Qxe2 Qxd5 6. Nf3 Nc6 7. c4 Qf5 8. 0-0 e6 9. Nc3 Bd6 10. Be3 g5 11. d5 g4 12. Nd4 Nxd4 0-1

[Event "Pennant-chT"]
[Site "Adelaide"]
[Date "2010.09.28"]
[Round "3.1"]
[White "Hoff, Michael R"]
[Black "Goldsmith, Alan"]
[Result "1-0"]
[WhiteElo "1905"]
[BlackElo "1936"]
[PlyCount "41"]
[EventDate "2010.09.14"]
[EventType "team-tourn"]
[EventRounds "7"]
[EventCountry "AUS"]
[SourceTitle "EXT 2023"]
[Source "ChessBase"]
[SourceDate "2022.10.05"]
[SourceVersion "1"]
[SourceVersionDate "2022.10.05"]
[SourceQuality "1"]

1. e4 d5 2. exd5 Nf6 3. c4 e6 4. dxe6 Bxe6 5. d4 Bb4+ 6. Nc3 Qe7 7. Be3 Nc6 8. a3 Bxc3+ 9. bxc3 Ne4 10. Bd3 Bf5 11. Qc2 0-0-0 12. Nf3 g5 13. d5 g4 14. Ng5 Rhe8 15. Nxe4 Ne5 16. Nd6+ Rxd6 17. Bxf5+ Kb8 18. 0-0 Qh4 19. Bf4 Rg6 20. Bxe5 Rxe5 21. Bxg6 1-0

[Event "Adelaide Lidums op"]
[Site "Adelaide"]
[Date "2010.07.03"]
[Round "3"]
[White "Guo, Emma"]
[Black "Goldsmith, Alan"]
[Result "1/2-1/2"]
[WhiteElo "1843"]
[BlackElo "1975"]
[PlyCount "61"]
[EventDate "2010.07.03"]
[EventType "swiss"]
[EventRounds "7"]
[EventCountry "AUS"]
[SourceTitle "EXT 2018"]
[Source "ChessBase"]
[SourceDate "2017.10.13"]
[SourceVersion "1"]
[SourceVersionDate "2017.10.13"]
[SourceQuality "1"]

1. e4 c5 2. Nc3 e6 3. f4 d5 4. d3 Nf6 5. e5 d4 6. exf6 dxc3 7. Ne2 cxb2 8. Bxb2 gxf6 9. Nc3 Nc6 10. g3 h5 11. Bg2 h4 12. g4 Qb6 13. Rb1 h3 14. Bf3 Be7 15. Ne4 Qd8 16. g5 Nd4 17. gxf6 Bxf6 18. Nxf6+ Qxf6 19. c3 Qh4+ 20. Kf1 Nf5 21. Bc1 Rg8 22. Rg1 Rxg1+ 23. Kxg1 Bd7 24. Rxb7 Rd8 25. Kf1 Nd6 26. Rxa7 Kf8 27. Rc7 Bb5 28. Rxc5 Qh7 29. Rh5 Bxd3+ 30. Kf2 Ne4+ 31. Bxe4 1/2-1/2

[Event "Adelaide Interclub-A"]
[Site "Adelaide"]
[Date "2010.06.01"]
[Round "5.1"]
[White "Goldsmith, Alan"]
[Black "Cloudsdale, Colin"]
[Result "1-0"]
[WhiteElo "1975"]
[BlackElo "1900"]
[PlyCount "35"]
[EventDate "2010.05.04"]
[EventType "team-tourn"]
[EventRounds "9"]
[EventCountry "AUS"]
[SourceTitle "EXT 2023"]
[Source "ChessBase"]
[SourceDate "2022.10.05"]
[SourceVersion "1"]
[SourceVersionDate "2022.10.05"]
[SourceQuality "1"]

1. e4 c5 2. Nf3 Nc6 3. b4 Nf6 4. e5 Ng4 5. bxc5 Qa5 6. Be2 e6 7. 0-0 d5 8. exd6 Qxc5 9. Ba3 Qa5 10. d4 Bd7 11. Re1 Nf6 12. c4 Rc8 13. d5 Nb4 14. Qd2 Ne4 15. Qxb4 Qxb4 16. Bxb4 Bxd6 17. Bxd6 Nxd6 18. Ne5 1-0

[Event "Adelaide Interclub-A"]
[Site "Adelaide"]
[Date "2010.05.18"]
[Round "3.1"]
[White "Zorkovic, Ante"]
[Black "Goldsmith, Alan"]
[Result "0-1"]
[WhiteElo "1484"]
[BlackElo "1975"]
[PlyCount "60"]
[EventDate "2010.05.04"]
[EventType "team-tourn"]
[EventRounds "9"]
[EventCountry "AUS"]
[SourceTitle "EXT 2023"]
[Source "ChessBase"]
[SourceDate "2022.10.05"]
[SourceVersion "1"]
[SourceVersionDate "2022.10.05"]
[SourceQuality "1"]

1. e4 e5 2. Nf3 Nc6 3. Nc3 Nf6 4. Bb5 Bc5 5. Be2 d5 6. exd5 Nxd5 7. Ne4 Bb6 8. Bc4 f5 9. Nc3 Nf4 10. 0-0 Qf6 11. d3 Nxg2 12. Kxg2 f4 13. Kh1 Bg4 14. Bb5 0-0-0 15. Bxc6 Qxc6 16. Ne4 Qxe4 17. dxe4 Rxd1 18. Nd2 Rd8 19. Rxd1 Bxd1 20. Kg1 Bxc2 21. Kg2 Rd6 22. Kf1 Bd3+ 23. Ke1 Ba5 24. a3 c5 25. f3 c4 26. Kf2 Rg6 27. Nf1 Bb6+ 28. Ne3 Rh6 29. Kg2 fxe3 30. h3 Rg6+ 0-1

[Event "Pennant-chT"]
[Site "Adelaide"]
[Date "2009.09.22"]
[Round "2.1"]
[White "Goldsmith, Alan"]
[Black "Kerr, Bill"]
[Result "1-0"]
[WhiteElo "1954"]
[BlackElo "1903"]
[PlyCount "53"]
[EventDate "2009.09.15"]
[EventType "team-tourn"]
[EventRounds "7"]
[EventCountry "AUS"]
[SourceTitle "EXT 2023"]
[Source "ChessBase"]
[SourceDate "2022.10.05"]
[SourceVersion "1"]
[SourceVersionDate "2022.10.05"]
[SourceQuality "1"]

1. e4 Nc6 2. Nf3 d6 3. d4 Nf6 4. Nc3 Bg4 5. d5 Nb8 6. h3 Bh5 7. g4 Bg6 8. Qe2 c6 9. h4 h5 10. g5 Ng4 11. Nd4 Qb6 12. Nb3 f5 13. f3 Ne5 14. Be3 Qc7 15. Nd4 fxe4 16. fxe4 Nbd7 17. Ne6 Qb8 18. Bh3 Bf7 19. 0-0 Bxe6 20. dxe6 Nb6 21. Bd4 Qc7 22. Bxe5 dxe5 23. Rad1 Rd8 24. Bf5 Rd6 25. Qxh5+ Rxh5 26. Bg6+ Kd8 27. Rxf8# 1-0

[Event "Pennant-chT"]
[Site "Adelaide"]
[Date "2009.09.15"]
[Round "6.1"]
[White "Zorkovic, Ante"]
[Black "Goldsmith, Alan"]
[Result "0-1"]
[WhiteElo "1525"]
[BlackElo "1954"]
[PlyCount "64"]
[EventDate "2009.09.15"]
[EventType "team-tourn"]
[EventRounds "7"]
[EventCountry "AUS"]
[SourceTitle "EXT 2023"]
[Source "ChessBase"]
[SourceDate "2022.10.05"]
[SourceVersion "1"]
[SourceVersionDate "2022.10.05"]
[SourceQuality "1"]

1. e4 c6 2. d4 d5 3. e5 Bf5 4. c4 e6 5. a3 c5 6. Nf3 Nc6 7. Be2 dxc4 8. Bxc4 cxd4 9. b4 Nh6 10. Bb5 Qb6 11. Bxc6+ bxc6 12. Qxd4 c5 13. Qc4 Rd8 14. h3 Bd3 15. Qb3 Nf5 16. Nc3 cxb4 17. Qa4+ Rd7 18. Ne2 Bc5 19. Rf1 Bb5 20. Qb3 Rd3 21. Qc2 b3 22. Qb2 0-0 23. Bd2 Rfd8 24. 0-0-0 Rxf3 25. gxf3 Bxe2 26. Ba5 Qxa5 27. Rxd8+ Qxd8 28. Qxe2 Nd4 29. Qa6 Qg5+ 30. Kd1 b2 31. Qc8+ Bf8 32. Qb8 Qc1# 0-1

[Event "Adelaide Interclub-A"]
[Site "Adelaide"]
[Date "2009.06.30"]
[Round "9.1"]
[White "Goldsmith, Alan"]
[Black "Kerr, Bill"]
[Result "0-1"]
[WhiteElo "2065"]
[BlackElo "1894"]
[PlyCount "64"]
[EventDate "2009.05.05"]
[EventType "team-tourn"]
[EventRounds "9"]
[EventCountry "AUS"]
[SourceTitle "EXT 2023"]
[Source "ChessBase"]
[SourceDate "2022.10.05"]
[SourceVersion "1"]
[SourceVersionDate "2022.10.05"]
[SourceQuality "1"]

1. Nf3 Nc6 2. Rg1 e5 3. d4 exd4 4. g4 d5 5. c3 dxc3 6. Nxc3 Bb4 7. Bg5 Nf6 8. Qc2 h6 9. Bxf6 Qxf6 10. 0-0-0 Bxc3 11. bxc3 Be6 12. Nd4 Qxf2 13. Rg3 Nxd4 14. cxd4 Qxh2 15. Qa4+ c6 16. Qa3 Qh4 17. e4 Qe7 18. Qb2 0-0 19. g5 h5 20. Bd3 dxe4 21. Bxe4 Bd5 22. Bf5 g6 23. Qh2 Rfe8 24. Bc2 Rad8 25. a3 Qe2 26. Qh3 Be4 27. Bb3 Bf5 28. Qxf5 gxf5 29. g6 Qe3+ 30. Rxe3 Rxe3 31. gxf7+ Kf8 32. Rg1 Rxb3 0-1

[Event "Adelaide Interclub-A"]
[Site "Adelaide"]
[Date "2009.06.02"]
[Round "5.1"]
[White "Goldsmith, Alan"]
[Black "Mdinaradze, Edgar"]
[Result "0-1"]
[WhiteElo "2065"]
[BlackElo "1853"]
[PlyCount "60"]
[EventDate "2009.05.05"]
[EventType "team-tourn"]
[EventRounds "9"]
[EventCountry "AUS"]
[SourceTitle "EXT 2023"]
[Source "ChessBase"]
[SourceDate "2022.10.05"]
[SourceVersion "1"]
[SourceVersionDate "2022.10.05"]
[SourceQuality "1"]

1. e4 d6 2. d4 Nf6 3. Nc3 g6 4. h4 h5 5. Bg5 Bg7 6. Bc4 Nc6 7. f3 Na5 8. Qe2 Nxc4 9. Qxc4 c6 10. 0-0-0 Be6 11. d5 cxd5 12. exd5 Rc8 13. Qd4 Bf5 14. Nge2 0-0 15. Qxa7 Qc7 16. Bxf6 Bxf6 17. Rd2 Ra8 18. Qe3 Ra5 19. g4 hxg4 20. h5 Qc4 21. b3 Qc5 22. Nd4 Rc8 23. hxg6 Bxg6 24. Nce2 Rxa2 25. Kd1 gxf3 26. Nc1 Ra1 27. c4 Rca8 28. Qc3 Qa5 29. b4 Qa3 30. Qxa3 R1xa3 0-1

[Event "Queenstown op"]
[Site "Queenstown"]
[Date "2009.01.16"]
[Round "2"]
[White "Johannessen, Leif Erlend"]
[Black "Goldsmith, Alan"]
[Result "1-0"]
[WhiteElo "2539"]
[BlackElo "2226"]
[PlyCount "63"]
[EventDate "2009.01.15"]
[EventType "swiss"]
[EventRounds "10"]
[EventCountry "NZL"]
[SourceTitle "CBM 128 Extra"]
[Source "ChessBase"]
[SourceDate "2009.03.05"]
[SourceVersion "2"]
[SourceVersionDate "2009.03.25"]
[SourceQuality "1"]

1. d4 Nf6 2. c4 c5 3. d5 e5 4. Nc3 d6 5. e4 g6 6. Nf3 Bg7 7. Be2 Nh5 8. g3 Nd7 9. 0-0 0-0 10. Ne1 Ndf6 11. Nd3 Bh3 12. Re1 Qd7 13. f3 a6 14. Nf2 b5 15. cxb5 Rab8 16. a4 c4 17. g4 Qa7 18. Bxc4 Nf4 19. Be3 Qc7 20. Bd3 Ng2 21. Nxh3 Nxe1 22. Qxe1 h5 23. Nf2 Nd7 24. a5 f5 25. b6 Qc8 26. g5 Qd8 27. h4 fxe4 28. Nfxe4 Rxf3 29. Kg2 Nc5 30. Nxc5 Rxe3 31. Qxe3 dxc5 32. Qe4 1-0

[Event "Queenstown op"]
[Site "Queenstown"]
[Date "2009.01.15"]
[Round "1"]
[White "Goldsmith, Alan"]
[Black "Shaw, Robin A"]
[Result "1-0"]
[WhiteElo "2226"]
[BlackElo "1831"]
[PlyCount "53"]
[EventDate "2009.01.15"]
[EventType "swiss"]
[EventRounds "10"]
[EventCountry "NZL"]
[SourceTitle "CBM 128 Extra"]
[Source "ChessBase"]
[SourceDate "2009.03.05"]
[SourceVersion "2"]
[SourceVersionDate "2009.03.25"]
[SourceQuality "1"]

1. e4 g6 2. h4 e6 3. h5 gxh5 4. d4 d5 5. Nc3 Bb4 6. e5 c5 7. a3 cxd4 8. axb4 dxc3 9. Qxh5 cxb2 10. Bxb2 Ne7 11. Nf3 Qb6 12. b5 Nbc6 13. Ng5 Ng6 14. Nxh7 Nd4 15. 0-0-0 Nxb5 16. Nf6+ Kd8 17. Qg5 Kc7 18. Rxh8 Nxh8 19. Rxd5 Qxf2 20. Bxb5 exd5 21. Nxd5+ Kb8 22. Ba3 Qg1+ 23. Kb2 Qd4+ 24. c3 Qf2+ 25. Kb3 a6 26. Qd8 Ka7 27. Qc7 1-0

[Event "Adelaide Checkmate op"]
[Site "Adelaide"]
[Date "2008.07.07"]
[Round "5"]
[White "Antic, Dejan"]
[Black "Goldsmith, Alan"]
[Result "1-0"]
[WhiteElo "2476"]
[BlackElo "2030"]
[PlyCount "57"]
[EventDate "2008.07.05"]
[EventType "swiss"]
[EventRounds "7"]
[EventCountry "AUS"]
[SourceTitle "EXT 2023"]
[Source "ChessBase"]
[SourceDate "2022.10.05"]
[SourceVersion "1"]
[SourceVersionDate "2022.10.05"]
[SourceQuality "1"]

1. d4 Nf6 2. Nf3 g6 3. c4 Bg7 4. Nc3 d6 5. e4 0-0 6. Be2 e5 7. 0-0 Nc6 8. d5 Ne7 9. b4 Nh5 10. Re1 f5 11. Ng5 Nf4 12. Bxf4 exf4 13. Rc1 a5 14. b5 h6 15. Ne6 Bxe6 16. dxe6 Be5 17. Bf3 c6 18. exf5 Rxf5 19. Ne4 Qf8 20. Nxd6 Rd8 21. Nxf5 Nxf5 22. Qe2 Bf6 23. bxc6 bxc6 24. Bxc6 Qc5 25. Bd5 Ne7 26. Qg4 Rf8 27. Rcd1 Kg7 28. Qxf4 Bc3 29. Qe3 1-0

[Event "Adelaide Checkmate op"]
[Site "Adelaide"]
[Date "2008.07.05"]
[Round "4"]
[White "Goldsmith, Alan"]
[Black "Sandler, Leonid"]
[Result "1-0"]
[WhiteElo "2030"]
[BlackElo "2282"]
[PlyCount "62"]
[EventDate "2008.07.05"]
[EventType "swiss"]
[EventRounds "7"]
[EventCountry "AUS"]
[SourceTitle "EXT 2010"]
[Source "ChessBase"]
[SourceDate "2010.11.25"]
[SourceVersion "1"]
[SourceVersionDate "2010.11.25"]
[SourceQuality "1"]

1. d4 Nf6 2. c4 e6 3. Nc3 c5 4. d5 exd5 5. cxd5 d6 6. e4 g6 7. h4 Bg7 8. Be2 a6 9. h5 b5 10. hxg6 hxg6 11. Rxh8+ Bxh8 12. Bg5 Kf8 13. Qd3 Qe7 14. Qg3 Nbd7 15. Nf3 Bb7 16. Nd2 Kg8 17. Qh4 Re8 18. 0-0-0 b4 19. Rh1 Bg7 20. Nd1 Bxd5 21. Ne3 Bxa2 22. f4 Qe6 23. Bh6 Bh8 24. f5 Qe7 25. e5 Nh5 26. Qxe7 Rxe7 27. exd6 Re8 28. Bxa6 Ng3 29. Rh3 Nxf5 30. Nxf5 Re1+ 31. Kc2 gxf5 1-0

[Event "Adelaide Interclub-A"]
[Site "Adelaide"]
[Date "2008.06.17"]
[Round "8.1"]
[White "Goldsmith, Alan"]
[Black "Jackson, Ralph E"]
[Result "0-1"]
[WhiteElo "2030"]
[BlackElo "1901"]
[PlyCount "85"]
[EventDate "2008.04.29"]
[EventType "team-tourn"]
[EventRounds "9"]
[EventCountry "AUS"]
[SourceTitle "EXT 2010"]
[Source "ChessBase"]
[SourceDate "2010.11.25"]
[SourceVersion "1"]
[SourceVersionDate "2010.11.25"]
[SourceQuality "1"]

1. e4 g6 2. d4 Bg7 3. Nc3 c6 4. Bc4 d5 5. exd5 b5 6. Bb3 b4 7. Ne4 cxd5 8. Qf3 Bf5 9. Nc5 Nf6 10. Bg5 Ne4 11. 0-0-0 0-0 12. h4 Nc6 13. Ne2 a5 14. Na4 Rc8 15. g4 Nxg5 16. hxg5 Be4 17. Qh3 Bxh1 18. Rxh1 Re8 19. Qxh7+ Kf8 20. f4 e5 21. dxe5 Nxe5 22. fxe5 Qxg5+ 23. Kb1 Qxg4 24. Nb6 Rxe5 25. Nxc8 Qxe2 26. Qh4 g5 27. Qg3 Qa6 28. Qh3 a4 29. Bxa4 Qf6 30. Qb3 Re4 31. Bd7 Qe5 32. a3 Qc7 33. Bf5 Rf4 34. Re1 Be5 35. Qh3 bxa3 36. Qxa3+ Kg7 37. Qe7 Rxf5 38. Qe8 Qb8 39. b3 Bc3 40. Rh1 Qh2 41. Rc1 Qc7 42. Ne7 Re5 43. Qg8+ 0-1

[Event "Adelaide Interclub-A"]
[Site "Adelaide"]
[Date "2008.05.27"]
[Round "5.1"]
[White "Riches, L John"]
[Black "Goldsmith, Alan"]
[Result "0-1"]
[WhiteElo "1690"]
[BlackElo "2030"]
[PlyCount "44"]
[EventDate "2008.04.29"]
[EventType "team-tourn"]
[EventRounds "9"]
[EventCountry "AUS"]
[SourceTitle "EXT 2010"]
[Source "ChessBase"]
[SourceDate "2010.11.25"]
[SourceVersion "1"]
[SourceVersionDate "2010.11.25"]
[SourceQuality "1"]

1. d4 d5 2. c4 e5 3. dxe5 d4 4. Nf3 Nc6 5. Nbd2 f6 6. exf6 Nxf6 7. g3 Bg4 8. Bg2 Qd7 9. b4 Bxb4 10. Rb1 Ne4 11. Rxb4 Nc3 12. Qb3 Qe7 13. Ne5 Nxe5 14. 0-0 Nxe2+ 15. Kh1 0-0 16. Ne4 Rf3 17. Qb1 Nd3 18. Rxb7 Qxe4 19. Rb8+ Kf7 20. Bf4 Bh3 21. Qb7 Bxg2+ 22. Kxg2 Rxg3# 0-1

[Event "Adelaide Checkmate op"]
[Site "Adelaide"]
[Date "2007.07.07"]
[Round "2"]
[White "Goldsmith, Alan"]
[Black "Obst, James"]
[Result "0-1"]
[WhiteElo "2081"]
[BlackElo "2234"]
[PlyCount "45"]
[EventDate "2007.07.07"]
[EventType "swiss"]
[EventRounds "7"]
[EventCountry "AUS"]
[SourceTitle "EXT 2010"]
[Source "ChessBase"]
[SourceDate "2010.11.25"]
[SourceVersion "1"]
[SourceVersionDate "2010.11.25"]
[SourceQuality "1"]

1. e4 d6 2. d4 Nf6 3. Nc3 c6 4. Be2 Qa5 5. Bd2 e5 6. Nf3 Qc7 7. h3 g6 8. Bg5 Bg7 9. Qd2 0-0 10. Bh6 Re8 11. dxe5 dxe5 12. 0-0 b6 13. Bxg7 Kxg7 14. Nh4 Qe7 15. Rad1 Nxe4 16. Nxe4 Qxh4 17. f4 Be6 18. Nd6 Re7 19. Qc3 Nd7 20. fxe5 Qg5 21. Nxf7 Rxf7 22. Bg4 Rxf1+ 23. Rxf1 0-1